000 00818cab a2200217 4500
001 WB2903-35
008 090401t1993 xxu||||| |||| 00| 0 eng d
035 _a(Sirsi) u31835
041 _aeng
245 _aProperty lenders slam Government
260 _c1993
350 _a0
490 _aCSW - The Property Week
_v42(3) 21 January 1993, 13(1)
520 _aProperty lenders have given Government handling of the economy a resounding vote of no-confidence. According to Chesterton`s latest annual property lending survey 92% of lenders are dissatisified with the Government`s performance.
650 _aBANK LENDING
650 _aCHESTERTON FINANCIAL/UNIVERSITY OF GREENWICH SURVEY
650 _aPROPERTY LENDING
690 _aPROPERTY-PROPERTY FINANCE AND INVESTMENT
942 _n0
948 _c04/03/1997
999 _c21369
_d21369